000 00546 a2200169 4500
999 _c3556
_d3556
020 _a007256296X (acidfree paper)
050 0 0 _aPN 4129 LUC 2004
100 1 _aLucas, Stephen,
_d1946-
_eauthor
245 1 4 _aThe art of public speaking :
_cStephen E. Lucas.
250 _a8th ed.
264 _aNew York :
_bMcGraw-Hill,
_c2004
300 _a1 v. (various pagings) ;
_bill. (col.) .
500 _aincludes index.
504 _aIncludes bibliographical references and index.
650 0 _aPublic speaking.
942 _2lcc
_cBK
_e8th ed
_h4129
_iLUC
_kPN